|
|
|
|
| LEADER |
01912nam a2200517 i 4500 |
| 001 |
nkc20172944998 |
| 003 |
CZ PrNK |
| 005 |
20250416115727.0 |
| 007 |
ta |
| 008 |
171102s2017 xr abe e f 001 0 cze |
| 015 |
|
|
|a cnb002944998
|
| 020 |
|
|
|a 978-80-7565-239-3
|q (brožováno) :
|c Kč 598,00
|
| 035 |
|
|
|a (OCoLC)1015198664
|
| 040 |
|
|
|a OLA001
|b cze
|d ABA001
|d OLA001
|e rda
|
| 041 |
1 |
|
|a cze
|h eng
|
| 043 |
|
|
|a e-it---
|
| 072 |
|
7 |
|a 913(4)
|x Geografie Evropy, reálie, cestování
|2 Konspekt
|9 7
|
| 080 |
|
|
|a 913(450.82)
|2 MRF
|
| 080 |
|
|
|a (450.82)
|2 MRF
|
| 080 |
|
|
|a (036)913
|2 MRF
|
| 100 |
1 |
|
|a Belford, Ros
|7 xx0004263
|4 aut
|
| 240 |
1 |
0 |
|a Rough guide to Sicily.
|l Česky
|
| 245 |
1 |
0 |
|a Sicílie /
|c ... Ros Belfordová ; z anglického originálu The rough guide to Sicily ... přeložil Jan Sládek
|
| 246 |
1 |
4 |
|a Turistický průvodce - Sicílie
|
| 250 |
|
|
|a Třetí vydání
|
| 264 |
|
1 |
|a Brno :
|b Jota,
|c 2017
|
| 300 |
|
|
|a 407 stran :
|b barevné ilustrace, mapy, plány ;
|c 20 cm
|
| 336 |
|
|
|a text
|b txt
|2 rdacontent
|
| 337 |
|
|
|a bez média
|b n
|2 rdamedia
|
| 338 |
|
|
|a svazek
|b nc
|2 rdacarrier
|
| 490 |
1 |
|
|a Průvodce ;
|v svazek 187
|
| 500 |
|
|
|a Česko-italský, italsko-český slovník
|
| 500 |
|
|
|a Terminologický slovník
|
| 500 |
|
|
|a Obsahuje rejstřík
|
| 651 |
|
7 |
|a Sicílie (Itálie)
|7 ge130805
|x reálie
|2 czenas
|
| 651 |
|
9 |
|a Sicily (Italy)
|x description and travel
|2 eczenas
|
| 655 |
|
7 |
|a turistické průvodce
|7 fd133738
|2 czenas
|
| 655 |
|
9 |
|a tourist guidebooks
|2 eczenas
|
| 700 |
1 |
|
|a Sládek, Jan
|7 xx0042123
|4 trl
|
| 830 |
|
0 |
|a Průvodce (Jota)
|0 s
|
| 910 |
2 |
|
|a BOA001
|b 1-1396.865
|
| 990 |
|
|
|a BK
|
| 995 |
|
|
|a 01
|
| 991 |
|
|
|b 201711
|c NOV
|
| 996 |
6 |
|
|b 2610724845
|c 1-1396.865
|l MZK
|r Sklad / do 1 hodiny
|n 1
|p p.v.
|w 001639195
|u 000010
|a 1
|e BOA001
|j MZK50
|s P
|
| 996 |
7 |
|
|b 2610724846
|c 1-1396.865
|l Vol.výběr
|r VV 1p
|n 31
|p p.v.
|h 913(4) PRU ITÁ
|w 001639195
|u 000020
|a 0
|e BOA001
|j MZK50
|s A
|